Loading...
സി. അച്യുതമേനോന്റെ ഡയറികുറിപ്പുകള് /
| Main Author: | |
|---|---|
| Other Authors: | |
| Format: | Printed Book |
| Language: | English |
| Published: |
തൃശൂര് :
കറന്റ് ബുക്സ് തൃശൂര്,
2002.
|
| Subjects: |
| LEADER | 00748nam a22001697a 4500 | ||
|---|---|---|---|
| 008 | 130625b xxu||||| |||| 00| 0 eng d | ||
| 999 | |c 292 |d 292 | ||
| 100 | |a അച്യുതമേനോന്, സി. | ||
| 240 | |a Achuthamenonte diarikuripukal | ||
| 245 | |a സി. അച്യുതമേനോന്റെ ഡയറികുറിപ്പുകള് / |c സി. അച്യുതമേനോന് | ||
| 260 | |a തൃശൂര് : |c 2002. |b കറന്റ് ബുക്സ് തൃശൂര്, | ||
| 300 | |a 864p. | ||
| 650 | |a ജീവചരിത്രം | ||
| 650 | |a Biography | ||
| 700 | |a Achuthamenon, C. | ||
| 942 | |2 ddc |c BK | ||
| 952 | |0 0 |1 0 |2 ddc |4 0 |7 0 |9 285 |a MAIN |b MAIN |d 2013-06-25 |g 350.00 |p 390 |r 2017-05-11 |t 1 |w 2013-06-25 |y BK | ||